| 000 | 01157cad a22001935a 4500 | ||
|---|---|---|---|
| 001 | L150527 | ||
| 008 | 100722s2010 xxk 000 0 eng d | ||
| 035 | _a(Sirsi) u150527 | ||
| 041 | 0 | _aeng | |
| 110 | 2 |
_aUnited Kingdom Marine Monitoring and Assessment Strategy _95870 |
|
| 245 | 0 | 0 |
_aCharting Progress 2 _bthe state of UK seas _h[electronic resource] |
| 260 |
_aLondon _bDEFRA _c2010 |
||
| 520 | _aComprehensive report on the state of the UK seas describes progress since the first publication of Charting Progress in 2005. The main findings include, sea levels have risen by 14cm during the last century with surface temperatures increasing by on degree Celsius since the late 19 Century. Populations of sea birds and harbour seals are declining in some areas but fish stocks have improved but many are still fished unsustainably. | ||
| 590 | _aKA NTK | ||
| 651 | 4 |
_aUnited Kingdom _y |
|
| 690 | _aPROPERTY-RURAL AND NATURAL ASSETS-MARINE RESOURCES-MARINE RESOURCE MANAGEMENT | ||
| 856 | 4 | 0 |
_uhttps://chartingprogress.defra.gov.uk/report/CP2-OverviewReport-screen.pdf _zView the report free of charge at http://chartingprogress.defra.gov.uk |
| 942 | _n0 | ||
| 999 |
_c82546 _d82546 |
||